Tour de France stage winners 2016-2021 - Statistics

General Stats
  • This quiz has been taken 246 times
    192 since last reset
  • The average score is 85 of 123
Answer Stats
Year Answer % Correct
2020 | 2021 Pogacar
99%
2016 | 2021 Cavendish
97%
2016 Froome
96%
2017 | 2018 Thomas
96%
2016 | 2017 | 2018 | 2019 Sagan
92%
2016 | 2017 Bardet
90%
2018 | 2019 | 2020 | 2021 Alaphilippe
89%
2017 | 2018 | 2020 Roglic
89%
2019 | 2020 | 2021 Van Aert
89%
2019 Pinot
86%
2018 | 2019 Quintana
85%
2019 Nibali
84%
2016 | 2017 Kittel
79%
2021 Van Der Poel
79%
2018 Martin
75%
2019 Yates
73%
2017 Barguil
71%
2016 Greipel
71%
2016 | 2017 Matthews
68%
2019 | 2020 Ewan
67%
2017 | 2018 | 2019 Groenewegen
67%
2016 | 2018 Dumoulin
66%
2020 Bennett
65%
2018 | 2020 Kristoff
63%
2017 | 2018 Demare
62%
2020 Kwiatkowski
60%
2017 Aru
57%
2017 Uran
57%
2020 Lopez
55%
2016 Van Avermaet
55%
2019 Viviani
55%
2016 | 2019 De Gendt
54%
2021 Mohoric
54%
2017 | 2021 Mollema
53%
2018 Gaviria
50%
2020 Hirschi
50%
2019 Teunissen
49%
2021 Kuss
48%
2019 | 2021 Teuns
48%
2021 Merlier
45%
2020 Martinez
40%
2018 Degenkolb
39%
2020 Kamna
38%
2018 Cort
37%
2020 Kragh Andersen
37%
2021 O'Connor
37%
2019 Trentin
37%
2020 Lutsenko
35%
2016 Izagirre
34%
2021 Politt
33%
2020 Peters
32%
2017 Calmejane
31%
2016 Cummings
31%
2016 Zakarin
31%
2019 Impey
30%
2017 Bodnar
29%
2018 Fraile
28%
2016 Pantano
26%
2017 Boasson Hagen
24%
2021 Konrad
23%
No matching quizzes found
Score Distribution
Percent of People with Each Score
Percentile by Number Answered
Your Score History
You have not taken this quiz since the last reset